Πολιτικές και διαδικασίες πληροφοριακών συστημάτων διοίκησης

Αποθηκεύτηκε σε:
Λεπτομέρειες βιβλιογραφικής εγγραφής
Κύριος συγγραφέας: Scriven, Donald D.
Συγγραφή απο Οργανισμό/Αρχή: Alexander Hamilton Institute (U.S.)
Άλλοι συγγραφείς: Scriven, Jolene D., Kozoll, Charles E., Πιτσαρής, Βασίλης (Μεταφραστής)
Μορφή: Βιβλίο
Γλώσσα:Greek
English
Δημοσίευση: Αθήνα : Κριτήριον, 2001.
Θέματα:
Ετικέτες: Προσθήκη ετικέτας
Δεν υπάρχουν, Καταχωρήστε ετικέτα πρώτοι!

MARC

LEADER 00000cam a2200000 i 4500
001 1/70943
008 050222s2001 gr | ||| |||| ||gre||
020 |a 9607433165 
035 |l 10076380 
040 |a GR-MyUA  |b gre  |e AACR2 
041 1 |a gre  |h eng 
082 0 |a 658.4038  |2 (21) 
100 1 |a Scriven, Donald D. 
245 1 0 |a Πολιτικές και διαδικασίες πληροφοριακών συστημάτων διοίκησης /   |c Donald D. Scriven, Jolene D. Scriven, Charles E. Kozoll ; μετάφραση Βασίλης Πιτσαρής.  
260 |a Αθήνα :   |b Κριτήριον,   |c 2001.  
300 |a 286 σ. ;   |c 28 εκ.  
500 |a Τίτλος πρωτοτύπου: Manual of MIS policies and procedures.  
650 0 0 |a Management information systems. 
650 0 0 |a Decision making. 
650 0 0 |a Information technology  |x Management. 
700 1 |a Scriven, Jolene D. 
700 1 |a Kozoll, Charles E. 
700 1 |a Πιτσαρής, Βασίλης,  |e trl 
710 2 |a Alexander Hamilton Institute (U.S.) 
852 |a INST  |b CHIOS  |e 20100802  |h 658.4038 SCR  |p 005200032271  |q 005200032271  |t BK  |y 4  |x 20120518 
852 |a INST  |b SAMOS  |e 20050222  |h 658.4038 SCR  |p 005300022591  |q 005300022591  |t BK  |y 0 
901 |a BIBL2-2010-2 
901 |a BIBL3-2005-1 
909 |a Σ  |b 114116 
909 |a Χ  |b 148625 
922 |a 3ΕΛΗ  |b 200411  |c ΚΥΒ/ΒΙΒΛΙΟΘΗΚΗ  |d ΠΑΠΑΓΕΩΡΓΙΟΥ 
950 |a 127-2004-11-04 
970 |a ΜΑΛΑΓΑΡΗ  |b ΦΩΤΕΙΝΗ  |z 2005/02/25